[Event "DEM U14 2015"]
[Site "Willingen GER"]
[Date "2015.05.27"]
[Round "6"]
[White "Wiesner, Alexander"]
[Black "Hoffmann, Lennard"]
[Result "1-0"]
[Termination "normal"]
[Board "21"]
[WhiteElo "1854"]
[BlackElo "1815"]
[PlyCount "85"]
[WhiteFideId "12943991"]
[BlackFideId "12943495"]
[EventCountry "GER"]
[EventRounds "9"]
[EventType "swiss"]
[EventDate "2015.05.23"]

1. e4 c5 2. Nf3 d6 3. d4 cxd4 4. Nxd4 Nf6 5. Nc3 a6 6. a4 b6 7. Bc4 e6 8. O-O
Be7 9. Be3 O-O 10. Bb3 e5 11. Nf5 Bxf5 12. exf5 Nbd7 13. Nd5 Nxd5 14. Bxd5 Rb8
15. Qd3 Nf6 16. Rfd1 Qc7 17. c3 a5 18. Qe2 Rfd8 19. c4 Nxd5 20. Rxd5 Rdc8 21.
b3 Qd7 22. Qf3 Re8 23. Rad1 Red8 24. Bc1 Rbc8 25. Qd3 Rc5 26. Qe4 Rxd5 27. Rxd5
g6 28. fxg6 fxg6 29. Be3 Qc7 30. Qg4 Rf8 31. Qe6+ Kg7 32. h3 Rf7 33. Rb5 Qc6
34. Qd5 Qd7 35. Bh6+ Kg8 36. Rxb6 Qa7 37. Rb7 Qxf2+ 38. Kh2 Bf8 39. Rb8 Kh8 40.
Qxd6 Kg8 41. Qe6 Kh8 42. Qxe5+ Kg8 43. Rxf8+ 1-0

[Event "DEM U14 2015"]
[Site "Willingen GER"]
[Date "2015.05.27"]
[Round "6"]
[White "Wolf, Philipp"]
[Black "Viol, Julius"]
[Result "1-0"]
[Termination "normal"]
[Board "23"]
[WhiteElo "1573"]
[BlackElo "1558"]
[PlyCount "101"]
[WhiteFideId "12958948"]
[BlackFideId "12958492"]
[EventCountry "GER"]
[EventRounds "9"]
[EventType "swiss"]
[EventDate "2015.05.23"]

1. e4 e6 2. d4 d5 3. Nd2 dxe4 4. Nxe4 Nd7 5. Nf3 Ngf6 6. Bd3 Nxe4 7. Bxe4 Nf6
8. Bg5 Be7 9. Bxf6 Bxf6 10. Qd3 g6 11. Bxb7 Rb8 12. Bc6+ Bd7 13. Bxd7+ Qxd7 14.
O-O-O c5 15. Ne5 Qd5 16. Qc4 Bxe5 17. Qa4+ Kf8 18. dxe5 Qxe5 19. Qa3 Kg7 20. g3
Rb7 21. Rhe1 Qf6 22. Re3 Rhb8 23. Rb3 Rxb3 24. axb3 Qe7 25. Qa5 Rb6 26. Qc3+
Kg8 27. Qd2 a6 28. Qd8+ Qxd8 29. Rxd8+ Kg7 30. Rc8 Rb5 31. Rc6 Ra5 32. Kd2 Kf6
33. Kc3 Ra1 34. Rxc5 Rf1 35. Rc6 Rxf2 36. Rxa6 Rxh2 37. b4 Rh5 38. Ra5 Rh3 39.
b5 Rxg3+ 40. Kc4 Rg5 41. b6 Rxa5 42. b7 Rf5 43. b8=Q Rf2 44. Qd8+ Kf5 45. Qd3+
Kg4 46. b4 h5 47. b5 Rf4+ 48. Kc5 Ra4 49. b6 Ra5+ 50. Kb4 Ra2 51. Qc4+ 1-0

[Event "DEM U14 2015"]
[Site "Willingen GER"]
[Date "2015.05.28"]
[Round "7"]
[White "Fieberg, Samuel"]
[Black "Engel, Luis"]
[Result "1/2-1/2"]
[Termination "normal"]
[Board "1"]
[WhiteElo "2168"]
[BlackElo "2212"]
[WhiteClock "00:30:37"]
[BlackClock "00:12:23"]
[PlyCount "108"]
[WhiteFideId "12901717"]
[BlackFideId "12961523"]
[EventCountry "GER"]
[EventRounds "9"]
[EventType "swiss"]
[EventDate "2015.05.23"]

1. e4 e6 2. d4 d5 3. Nd2 dxe4 4. Nxe4 Nd7 5. Nf3 Ngf6 6. Ng3 c5 7. Be2 cxd4 8.
Nxd4 Bc5 9. O-O O-O 10. c3 a6 11. b4 Be7 12. Bb2 Qc7 13. Qb3 b6 14. c4 Bb7 15.
a3 Bd6 16. Rfd1 Be5 17. Nc2 Rac8 18. Ne3 Rfd8 19. Rd2 Bxb2 20. Qxb2 Qe5 21. Rd4
Nf8 22. Rad1 g6 23. Ngf1 Rxd4 24. Qxd4 Qxd4 25. Rxd4 N8d7 26. Nd2 Kf8 27. Nb3
Bc6 28. h4 Ke7 29. Kf1 Ra8 30. Rd2 Ne4 31. Rb2 Bb7 32. Nd2 a5 33. Nxe4 Bxe4 34.
f3 Bc6 35. Kf2 h6 36. Nd1 g5 37. hxg5 hxg5 38. Nc3 axb4 39. axb4 Ra3 40. Nb1
Ra1 41. Nd2 f5 42. g3 f4 43. gxf4 gxf4 44. Nb3 Ra4 45. Nd4 Bb7 46. Bd1 Ra1 47.
Bb3 Ne5 48. Re2 Nd3+ 49. Kg2 Re1 50. Ra2 Kf6 51. Ra7 Ke5 52. Rxb7 Kxd4 53. Rxb6
Re2+ 54. Kh3 Rb2 1/2-1/2

[Event "DEM U14 2015"]
[Site "Willingen GER"]
[Date "2015.05.28"]
[Round "7"]
[White "Mätzkow, Maximilian Paul"]
[Black "Martin, Julian"]
[Result "0-1"]
[Termination "normal"]
[Board "2"]
[WhiteElo "2050"]
[BlackElo "2281"]
[WhiteClock "00:09:35"]
[BlackClock "00:55:16"]
[PlyCount "64"]
[WhiteFideId "24679933"]
[BlackFideId "12941000"]
[EventCountry "GER"]
[EventRounds "9"]
[EventType "swiss"]
[EventDate "2015.05.23"]

1. e4 c5 2. Nf3 d6 3. Bb5+ Bd7 4. c4 a6 5. Bxd7+ Nxd7 6. d4 cxd4 7. Nxd4 g6 8.
Nc3 Ngf6 9. O-O Bg7 10. b3 O-O 11. Bb2 Rc8 12. Qe2 Re8 13. Rfd1 Qb6 14. Nd5 Qc5
15. Nc2 b5 16. Bd4 Qc6 17. Rac1 Qb7 18. Nxf6+ Nxf6 19. Bxf6 Bxf6 20. Ne3 Bg7
21. Nd5 e6 22. Ne3 Qxe4 23. Rxd6 a5 24. Qd2 b4 25. Qd3 Qe5 26. Rd1 a4 27. bxa4
Qa5 28. Qb3 Ra8 29. a3 bxa3 30. Qxa3 Bf8 31. Ng4 Qf5 32. Qh3 h5 0-1

[Event "DEM U14 2015"]
[Site "Willingen GER"]
[Date "2015.05.28"]
[Round "7"]
[White "Buckels, Valentin"]
[Black "Zienert, Richard"]
[Result "1/2-1/2"]
[Termination "normal"]
[Board "3"]
[WhiteElo "2178"]
[BlackElo "2085"]
[WhiteClock "00:49:21"]
[BlackClock "00:12:25"]
[PlyCount "213"]
[WhiteFideId "12942766"]
[BlackFideId "12945986"]
[EventCountry "GER"]
[EventRounds "9"]
[EventType "swiss"]
[EventDate "2015.05.23"]

1. d4 Nf6 2. c4 g6 3. Nf3 Bg7 4. g3 d5 5. cxd5 Nxd5 6. Bg2 O-O 7. O-O Nb6 8.
Nc3 Nc6 9. d5 Na5 10. Qc2 c6 11. dxc6 Nxc6 12. Rd1 Qe8 13. Qe4 Bf5 14. Qh4 Rd8
15. Bh6 Bxh6 16. Qxh6 Rxd1+ 17. Rxd1 f6 18. Nd4 Nxd4 19. Rxd4 e5 20. Rd1 Qe7
21. Qd2 Be6 22. Qd6 Qxd6 23. Rxd6 Bc8 24. Nb5 Kg7 25. b3 a6 26. Rxb6 axb5 27.
Rxb5 Rf7 28. Bd5 Rc7 29. Bc4 Bd7 30. Rb6 Bc6 31. f3 Rd7 32. Bd3 f5 33. Kf2 Kf7
34. a4 Ke7 35. Ke3 Kd8 36. h4 Kc7 37. Rb4 Re7 38. Rc4 Kd6 39. Kf2 b5 40. Rxc6+
Kxc6 41. Bxb5+ Kc5 42. Ke3 Kb4 43. Bc4 Rd7 44. Kf2 Rd1 45. Kg2 h5 46. Bf7 Rd6
47. Kf2 Rf6 48. Bc4 Rd6 49. Ke3 Rd8 50. Kf2 Rd6 51. Kg2 Rd1 52. Bf7 Rd6 53. Kh3
Rf6 54. Bc4 Rf8 55. Bd5 Rf6 56. Bg8 Rf8 57. Bc4 Rf6 58. Bd5 Rf8 59. e4 fxe4 60.
Bxe4 Rf6 61. Bd5 Kc5 62. Bb7 Kb4 63. Kg2 Rb6 64. Bd5 Rd6 65. Bf7 Rf6 66. Bc4
Rd6 67. Kf2 Rd2+ 68. Kf1 Rd1+ 69. Ke2 Rd6 70. Ke3 Rf6 71. Ke4 Rf8 72. Bd5 Rf5
73. Bc4 Rf8 74. Bd3 Rf5 75. Ke3 Rf6 76. Bc4 Rf8 77. Bd5 Rf6 78. Ke4 Rf5 79. f4
exf4 80. gxf4 Rf8 81. Be6 Rf6 82. Ke5 Rf8 83. Ke4 Rf6 84. Bc4 Rf8 85. Ke3 Rf6
86. Bd3 Rd6 87. Ke4 Rd8 88. Bc4 Rf8 89. Be2 Re8+ 90. Kf3 Rd8 91. f5 gxf5 92.
Kf4 Kxb3 93. a5 Ka4 94. a6 Ka5 95. Kxf5 Kb6 96. Kg6 Rd5 97. Kf6 Rd4 98. Kg5
Rd5+ 99. Kh6 Re5 100. Bf1 Re1 101. Bd3 Re3 102. Bf5 Kxa6 103. Kxh5 Re1 104. Bh3
Rg1 105. Bg4 Rh1 106. Kg5 Rxh4 107. Kxh4 1/2-1/2

[Event "DEM U14 2015"]
[Site "Willingen GER"]
[Date "2015.05.28"]
[Round "7"]
[White "Rieß, Alexander"]
[Black "Schmidek, Emil"]
[Result "0-1"]
[Termination "normal"]
[Board "4"]
[WhiteElo "2150"]
[BlackElo "2163"]
[WhiteClock "00:23:17"]
[BlackClock "00:00:45"]
[PlyCount "72"]
[WhiteFideId "12953326"]
[BlackFideId "12908150"]
[EventCountry "GER"]
[EventRounds "9"]
[EventType "swiss"]
[EventDate "2015.05.23"]

1. e4 e5 2. Nf3 Nc6 3. Bc4 Nf6 4. d4 exd4 5. O-O Bc5 6. e5 d5 7. exf6 dxc4 8.
fxg7 Rg8 9. Bg5 Be7 10. Bxe7 Kxe7 11. Re1+ Kf6 12. Re4 Kxg7 13. Nxd4 Kh8 14.
Nc3 f5 15. Rf4 Qg5 16. Qf3 Ne5 17. Qg3 Qf6 18. Qe3 Ng6 19. Rf3 f4 20. Nd5 Qg7
21. Rxf4 Nxf4 22. Nxf4 Bd7 23. c3 Rae8 24. Qd2 c5 25. Nde2 Bc6 26. Ng3 Qg5 27.
Qc1 Rd8 28. b3 cxb3 29. axb3 a6 30. c4 Rd4 31. Ne6 Qxc1+ 32. Rxc1 Rd2 33. Nxc5
Rgd8 34. f3 Rb2 35. Nge4 Bxe4 36. fxe4 Rdd2 0-1

[Event "DEM U14 2015"]
[Site "Willingen GER"]
[Date "2015.05.28"]
[Round "7"]
[White "Holinka, Henning"]
[Black "Hofmann, Rares"]
[Result "0-1"]
[Termination "normal"]
[Board "5"]
[WhiteElo "1872"]
[BlackElo "2003"]
[WhiteClock "00:06:45"]
[BlackClock "00:05:04"]
[PlyCount "52"]
[WhiteFideId "12967084"]
[BlackFideId "12976440"]
[EventCountry "GER"]
[EventRounds "9"]
[EventType "swiss"]
[EventDate "2015.05.23"]

1. d4 Nf6 2. Nf3 g6 3. Nbd2 d5 4. b3 Bg7 5. Bb2 O-O 6. e3 c5 7. Bd3 cxd4 8.
exd4 Nc6 9. O-O Nb4 10. Ne5 Nxd3 11. Nxd3 Bg4 12. Qe1 Rc8 13. c4 Bf5 14. Qe2
dxc4 15. bxc4 Ng4 16. Nf4 Bxd4 17. Bxd4 Qxd4 18. Nd5 Bd3 19. Qf3 Bxf1 20. Rxf1
Rfe8 21. Ne4 Rxc4 22. Ng5 Nf6 23. Rd1 Qg4 24. Qd3 Nxd5 25. Qxd5 Qxd1+ 26. Qxd1
Rec8 0-1

[Event "DEM U14 2015"]
[Site "Willingen GER"]
[Date "2015.05.28"]
[Round "7"]
[White "Gungl, Theo"]
[Black "Ewert, Hannes"]
[Result "1/2-1/2"]
[Termination "normal"]
[Board "6"]
[WhiteElo "2085"]
[BlackElo "1930"]
[WhiteClock "00:08:12"]
[BlackClock "01:00:49"]
[PlyCount "42"]
[WhiteFideId "24695653"]
[BlackFideId "12961574"]
[EventCountry "GER"]
[EventRounds "9"]
[EventType "swiss"]
[EventDate "2015.05.23"]

1. e4 e6 2. d4 d5 3. Nc3 dxe4 4. Nxe4 Nd7 5. Nf3 Ngf6 6. Bd3 Be7 7. c3 O-O 8.
O-O c5 9. Qe2 b6 10. dxc5 Nxc5 11. Nxc5 Bxc5 12. Bg5 Bb7 13. Rad1 Qc7 14. Bxf6
gxf6 15. Be4 Rad8 16. Bxb7 Qxb7 17. Rxd8 Rxd8 18. Rd1 Rd5 19. a3 a5 20. b4 Bf8
21. g3 Qc6 1/2-1/2

[Event "DEM U14 2015"]
[Site "Willingen GER"]
[Date "2015.05.28"]
[Round "7"]
[White "Poghosyan, Tigran"]
[Black "Weller, Uli"]
[Result "1-0"]
[Termination "normal"]
[Board "7"]
[WhiteElo "2136"]
[BlackElo "1786"]
[WhiteClock "01:14:22"]
[BlackClock "01:01:40"]
[PlyCount "43"]
[WhiteFideId "12909319"]
[BlackFideId "12971782"]
[EventCountry "GER"]
[EventRounds "9"]
[EventType "swiss"]
[EventDate "2015.05.23"]

1. e4 e6 2. d4 d5 3. Nd2 c5 4. exd5 exd5 5. Bb5+ Nc6 6. Ne2 a6 7. Bxc6+ bxc6 8.
O-O Nf6 9. Nf3 Bd6 10. dxc5 Bxc5 11. Ned4 Bd7 12. Re1+ Be7 13. Ne5 Rc8 14. Qe2
c5 15. Nxd7 Kxd7 16. Nf5 Bd6 17. Nxd6 Kxd6 18. Qxa6+ Rc6 19. Bf4+ Kd7 20. Qb7+
Rc7 21. Bxc7 Qxc7 22. Re7+ 1-0

[Event "DEM U14 2015"]
[Site "Willingen GER"]
[Date "2015.05.28"]
[Round "7"]
[White "Wong, Gengchun"]
[Black "Reuker, Jari"]
[Result "1-0"]
[Termination "normal"]
[Board "8"]
[WhiteElo "2015"]
[BlackElo "2057"]
[WhiteClock "00:04:58"]
[BlackClock "00:01:33"]
[PlyCount "119"]
[WhiteFideId "12963283"]
[BlackFideId "12909300"]
[EventCountry "GER"]
[EventRounds "9"]
[EventType "swiss"]
[EventDate "2015.05.23"]

1. e4 c5 2. Nf3 e6 3. d4 cxd4 4. Nxd4 a6 5. Nc3 b5 6. Bd3 Qb6 7. Nb3 Qc7 8. Qe2
Bb7 9. O-O b4 10. Nd1 Nf6 11. f4 a5 12. Kh1 Nc6 13. c3 e5 14. Ne3 a4 15. Nd2 d6
16. Bb5 Be7 17. Nd5 Qd8 18. Nxb4 Rc8 19. Bxa4 O-O 20. Nxc6 Bxc6 21. Bxc6 Rxc6
22. Nf3 Qc7 23. fxe5 dxe5 24. Bg5 Rb8 25. Rfd1 Rcb6 26. Rd2 Qb7 27. b4 Nxe4 28.
Be3 Nxd2 29. Bxd2 f6 30. a4 Rd8 31. a5 Rbd6 32. h3 Rd3 33. a6 Qa7 34. Be1 Qa8
35. c4 e4 36. Ng1 Qa7 37. c5 Qa8 38. a7 Qd5 39. Qc2 Ra8 40. c6 Rd4 41. Rc1 Bd6
42. Qa4 Qe5 43. g3 Qd5 44. Ne2 e3+ 45. Kg1 Rd2 46. Qa6 Ra2 47. Qb7 R2xa7 48.
Qb6 Qe5 49. Bc3 Bc7 50. Qxa7 Rxa7 51. Bxe5 Bxe5 52. b5 Bc7 53. Nf4 Ra5 54. Nd5
Bxg3 55. c7 Bxc7 56. Nxc7 Ra7 57. b6 Rb7 58. Nd5 Rd7 59. Rc8+ Kf7 60. Rc7 1-0

[Event "DEM U14 2015"]
[Site "Willingen GER"]
[Date "2015.05.28"]
[Round "7"]
[White "Stein, Robert"]
[Black "Wendler, David"]
[Result "1-0"]
[Termination "normal"]
[Board "9"]
[WhiteElo "2010"]
[BlackElo "1807"]
[WhiteClock "00:16:45"]
[BlackClock "00:12:51"]
[PlyCount "47"]
[WhiteFideId "12921084"]
[BlackFideId "12938360"]
[EventCountry "GER"]
[EventRounds "9"]
[EventType "swiss"]
[EventDate "2015.05.23"]

1. e4 e6 2. d4 d5 3. Nd2 c5 4. exd5 Qxd5 5. Ngf3 cxd4 6. Bc4 Qd6 7. O-O Nf6 8.
Nb3 Nc6 9. Nbxd4 Nxd4 10. Nxd4 a6 11. c3 Bd7 12. Qe2 Qc7 13. a4 Bd6 14. h3
O-O-O 15. Be3 Rdg8 16. b4 g5 17. b5 a5 18. b6 Qb8 19. Nb5 Be5 20. Rad1 g4 21.
h4 Ne8 22. Bc5 Rg6 23. Na7+ Kd8 24. Rxd7+ 1-0

[Event "DEM U14 2015"]
[Site "Willingen GER"]
[Date "2015.05.28"]
[Round "7"]
[White "Rockmann, Jan-Okke"]
[Black "Roseneck, Jonas"]
[Result "0-1"]
[Termination "normal"]
[Board "10"]
[WhiteElo "1833"]
[BlackElo "1975"]
[WhiteClock "01:31:35"]
[BlackClock "00:58:10"]
[PlyCount "42"]
[WhiteFideId "12942111"]
[BlackFideId "12939870"]
[EventCountry "GER"]
[EventRounds "9"]
[EventType "swiss"]
[EventDate "2015.05.23"]

1. e4 c5 2. Nf3 Nc6 3. d4 cxd4 4. Nxd4 e5 5. Nb5 d6 6. N1c3 a6 7. Na3 b5 8. Nd5
Nge7 9. c4 Nxd5 10. cxd5 Nd4 11. Be3 f5 12. Bxd4 exd4 13. Qxd4 Be7 14. Nxb5
axb5 15. Bxb5+ Kf7 16. O-O Bf6 17. Qd2 Qa5 18. Qe2 Ba6 19. exf5 Bxb5 20. Qe6+
Kf8 21. Qxd6+ Be7 0-1

[Event "DEM U14 2015"]
[Site "Willingen GER"]
[Date "2015.05.28"]
[Round "7"]
[White "Vuckovic, Zarko"]
[Black "Muckle, Julius"]
[Result "1/2-1/2"]
[Termination "normal"]
[Board "11"]
[WhiteElo "1790"]
[BlackElo "2129"]
[PlyCount "62"]
[WhiteFideId "12952087"]
[BlackFideId "12942430"]
[EventCountry "GER"]
[EventRounds "9"]
[EventType "swiss"]
[EventDate "2015.05.23"]

1. d4 d5 2. e3 Nf6 3. Bd3 Bg4 4. f3 Bh5 5. Ne2 Bg6 6. Nf4 Bxd3 7. Nxd3 Nbd7 8.
O-O e6 9. Qe2 c5 10. c3 Qb6 11. b4 cxb4 12. cxb4 Bd6 13. Bd2 O-O 14. Nc3 e5 15.
dxe5 Nxe5 16. Nf4 d4 17. Ncd5 Nxd5 18. Nxd5 d3 19. Qf2 Qb5 20. e4 f5 21. a4 Qd7
22. Qd4 Rac8 23. Rfc1 fxe4 24. Qxe4 Rxc1+ 25. Rxc1 Qf5 26. Rc3 Qxe4 27. fxe4
Ng4 28. g3 Nf2 29. Be3 Be5 30. Rc5 d2 31. Bxd2 Nxe4 1/2-1/2

[Event "DEM U14 2015"]
[Site "Willingen GER"]
[Date "2015.05.28"]
[Round "7"]
[White "Renger, Niklas"]
[Black "Baltic, Fatih"]
[Result "1/2-1/2"]
[Termination "normal"]
[Board "12"]
[WhiteElo "1942"]
[BlackElo "1887"]
[PlyCount "40"]
[WhiteFideId "12908096"]
[BlackFideId "12979090"]
[EventCountry "GER"]
[EventRounds "9"]
[EventType "swiss"]
[EventDate "2015.05.23"]

1. e4 c5 2. Nf3 d6 3. d4 cxd4 4. Nxd4 Nf6 5. Nc3 a6 6. Be3 e5 7. Nb3 Be7 8. Be2
Be6 9. Nd5 Nxd5 10. exd5 Bc8 11. f4 Nd7 12. Qd2 Qc7 13. Rd1 Bf6 14. c4 b6 15.
O-O Ra7 16. a4 Nc5 17. Nxc5 bxc5 18. b4 exf4 19. Rxf4 Be5 20. Re4 Qe7 1/2-1/2

[Event "DEM U14 2015"]
[Site "Willingen GER"]
[Date "2015.05.28"]
[Round "7"]
[White "Piskaykin, Bogdan"]
[Black "Wierzbicki, Jirawat"]
[Result "0-1"]
[Termination "normal"]
[Board "13"]
[WhiteElo "1771"]
[BlackElo "1972"]
[PlyCount "92"]
[WhiteFideId "12941212"]
[BlackFideId "1153579"]
[EventCountry "GER"]
[EventRounds "9"]
[EventType "swiss"]
[EventDate "2015.05.23"]

1. e4 e5 2. Nf3 Nc6 3. Bc4 Nf6 4. d3 Bc5 5. c3 d6 6. O-O O-O 7. h3 a6 8. Bb3 h6
9. Nbd2 Ba7 10. Re1 Nh5 11. Nf1 Qf6 12. Be3 Nf4 13. d4 Re8 14. Bc2 Ne7 15. N1h2
Neg6 16. Kh1 Be6 17. a4 Ne7 18. Ng4 Bxg4 19. hxg4 g5 20. g3 Nfg6 21. Kg2 Kg7
22. Rh1 Ng8 23. a5 Kf8 24. b4 Qe7 25. d5 c6 26. dxc6 bxc6 27. Ba4 Rec8 28. c4
Bxe3 29. fxe3 Qe6 30. Bb3 Qxg4 31. Qxd6+ Kg7 32. Qd3 Nf6 33. Bc2 Rd8 34. Qe2
Nxe4 35. Bxe4 Qxe4 36. Kf2 Rd3 37. Rad1 Rad8 38. Rxd3 Rxd3 39. Rc1 g4 40. Nh2
h5 41. b5 axb5 42. cxb5 cxb5 43. Rd1 Ra3 44. Qd2 b4 45. a6 Rxa6 46. Rc1 b3 0-1

[Event "DEM U14 2015"]
[Site "Willingen GER"]
[Date "2015.05.28"]
[Round "7"]
[White "Wiesner, Alexander"]
[Black "Degenhard, Simon"]
[Result "1-0"]
[Termination "normal"]
[Board "14"]
[WhiteElo "1854"]
[BlackElo "1851"]
[PlyCount "93"]
[WhiteFideId "12943991"]
[BlackFideId "12944017"]
[EventCountry "GER"]
[EventRounds "9"]
[EventType "swiss"]
[EventDate "2015.05.23"]

1. f4 g6 2. Nf3 Bg7 3. g3 c5 4. Bg2 Nc6 5. O-O d5 6. d3 Nf6 7. Nc3 d4 8. Na4
Qd6 9. c4 O-O 10. a3 Bg4 11. Rb1 Nd7 12. h3 Bxf3 13. Bxf3 g5 14. Kh2 gxf4 15.
Bxf4 e5 16. Bd2 Rae8 17. b4 b6 18. Qc2 f5 19. bxc5 bxc5 20. Bd5+ Kh8 21. Rb7
Ne7 22. Bg2 Nc8 23. Rxd7 Qxd7 24. Nxc5 Qc7 25. Nb3 Re6 26. Bb4 Ne7 27. Qd2 Bh6
28. Qe1 Be3 29. Be4 Rff6 30. Bh1 Nc6 31. Nc5 Re8 32. Ne4 Rh6 33. Rxf5 Nxb4 34.
axb4 Qc8 35. Qf1 Kg7 36. Bg2 Rf8 37. Rxf8 Qxf8 38. Qxf8+ Kxf8 39. Bf3 a6 40.
Nc5 Ke7 41. b5 axb5 42. cxb5 Rb6 43. Bc6 Bh6 44. Nd7 Rxc6 45. bxc6 Bg7 46. Nc5
Kd6 47. c7 1-0

[Event "DEM U14 2015"]
[Site "Willingen GER"]
[Date "2015.05.28"]
[Round "7"]
[White "Hinrichs, Niklas"]
[Black "Weber, Samuel"]
[Result "0-1"]
[Termination "normal"]
[Board "15"]
[WhiteElo "1818"]
[BlackElo "1954"]
[PlyCount "80"]
[WhiteFideId "12942499"]
[BlackFideId "12924008"]
[EventCountry "GER"]
[EventRounds "9"]
[EventType "swiss"]
[EventDate "2015.05.23"]

1. d4 Nf6 2. c4 e6 3. Nf3 c5 4. d5 exd5 5. cxd5 d6 6. Nc3 Be7 7. Bf4 O-O 8. h3
Bf5 9. e3 Qb6 10. Qb3 Qa5 11. Be2 Nbd7 12. O-O a6 13. a4 Rfc8 14. Nd2 Qb4 15.
Qa2 Nb6 16. a5 Nbd7 17. Nc4 Bc2 18. Nd2 b5 19. axb6 Nxb6 20. Rfc1 Bf5 21. Bh2
a5 22. Re1 a4 23. Nc4 Nbxd5 24. Nxd5 Nxd5 25. Bxd6 Bf6 26. Qa3 Ra6 27. Red1 Be6
28. e4 Nb6 29. Qxb4 cxb4 30. Nxb6 Rxb6 31. f4 Bxb2 32. Rab1 Bc3 33. Bc5 Rbb8
34. Bd6 Ra8 35. Be7 Ba2 36. Rbc1 b3 37. Ba3 b2 38. Rxc3 Rxc3 39. Bxb2 Rc2 40.
Be5 Rxe2 0-1

[Event "DEM U14 2015"]
[Site "Willingen GER"]
[Date "2015.05.28"]
[Round "7"]
[White "Schäfer, Nicolas"]
[Black "Browning, Alex"]
[Result "0-1"]
[Termination "normal"]
[Board "16"]
[WhiteElo "1595"]
[BlackElo "1864"]
[PlyCount "130"]
[WhiteFideId "12988901"]
[BlackFideId "12984019"]
[EventCountry "GER"]
[EventRounds "9"]
[EventType "swiss"]
[EventDate "2015.05.23"]

1. Nf3 Nf6 2. c4 g6 3. Nc3 Bg7 4. g3 O-O 5. Bg2 d6 6. O-O Nc6 7. Rb1 a6 8. a4
Rb8 9. b4 Bd7 10. b5 Na5 11. d3 axb5 12. axb5 b6 13. Ne1 Qc8 14. Nd5 Nxd5 15.
Bxd5 c6 16. bxc6 Bxc6 17. Bxc6 Qxc6 18. Bb2 d5 19. Bxg7 Kxg7 20. cxd5 Qxd5 21.
Nc2 b5 22. Qd2 Nc6 23. Nb4 Nxb4 24. Rxb4 Rfc8 25. Rfb1 Rc5 26. Qb2+ f6 27. Qd4
Qc6 28. Qe3 Rb7 29. Re4 Qc7 30. Kg2 e5 31. f4 Qc6 32. Kf2 Qd6 33. Qd2 Qb6 34.
Qe3 Qc7 35. Reb4 exf4 36. Rxf4 Re5 37. Qf3 Qb6+ 38. Kg2 Rbe7 39. e4 Rc5 40. Rf1
Rc6 41. g4 Re5 42. h4 h6 43. h5 b4 44. hxg6 b3 45. Rb1 Rc2+ 46. Kg3 b2 47. Qd1
Rec5 48. d4 R5c3+ 49. Rf3 Rxf3+ 50. Qxf3 Qxd4 51. Kh4 Qe5 52. Rh1 Rh2+ 53. Rxh2
Qxh2+ 54. Qh3 Qxh3+ 55. Kxh3 b1=Q 56. Kg3 Qxe4 57. Kf2 Qxg4 58. Ke3 h5 59. Kd3
h4 60. Kc3 h3 61. Kd3 h2 62. Ke3 h1=R 63. Kd3 Rh3+ 64. Kd2 Qg2+ 65. Ke1 Rh1#
0-1

[Event "DEM U14 2015"]
[Site "Willingen GER"]
[Date "2015.05.28"]
[Round "7"]
[White "Pommerenke, Kayonzo"]
[Black "Schirra, Maurice"]
[Result "0-1"]
[Termination "normal"]
[Board "17"]
[WhiteElo "1601"]
[BlackElo "1791"]
[PlyCount "158"]
[WhiteFideId "12968129"]
[BlackFideId "12941115"]
[EventCountry "GER"]
[EventRounds "9"]
[EventType "swiss"]
[EventDate "2015.05.23"]

1. e4 e5 2. Nf3 Nf6 3. Nxe5 d6 4. Nc4 Nxe4 5. Qe2 Qe7 6. d3 Nf6 7. Bg5 Qxe2+ 8.
Bxe2 Be7 9. Nc3 Be6 10. O-O-O Nc6 11. Bf3 O-O-O 12. Bxc6 bxc6 13. Na5 Kd7 14.
Rhe1 h6 15. Bxf6 Bxf6 16. Ne4 Be7 17. f4 d5 18. Nd2 Bb4 19. Ndb3 Bg4 20. Rd2
Bxd2+ 21. Kxd2 Rde8 22. Nc5+ Kc8 23. Nxc6 Rxe1 24. Nxa7+ Kb8 25. Nc6+ Ka8 26.
Kxe1 Re8+ 27. Kf1 Re2 28. Nb4 Rd2 29. h3 Bc8 30. a4 Ka7 31. a5 Bb7 32. b3 Rd1+
33. Ke2 Ra1 34. a6 Ba8 35. d4 Kb6 36. Ncd3 f6 37. Kf3 Bc6 38. Nxc6 Kxc6 39.
Nb4+ Kd6 40. c4 dxc4 41. bxc4 c5 42. Nd3 cxd4 43. Ke4 Rxa6 44. Kxd4 Ra2 45. c5+
Kc7 46. g4 Rh2 47. Ke4 Rxh3 48. Nb4 Rg3 49. Kf5 g6+ 50. Kxg6 Rxg4+ 51. Kf5 Rg1
52. Nd5+ Kc6 53. Nxf6 Kxc5 54. Ke4 Kd6 55. Kf5 Ke7 56. Nh5 Kf7 57. Nf6 Rh1 58.
Ne4 h5 59. Ng5+ Ke7 60. Ne4 h4 61. Kg4 Ke6 62. Kf3 Kf5 63. Nd6+ Kg6 64. Kg4 h3
65. Kg3 h2 66. Ne4 Re1 67. Kxh2 Rxe4 68. Kg3 Kf5 69. Kf3 Rxf4+ 70. Ke3 Ke5 71.
Kd3 Re4 72. Kc3 Rd4 73. Kc2 Ke4 74. Kc3 Ke3 75. Kc2 Rc4+ 76. Kb3 Kd3 77. Kb2
Rc3 78. Ka2 Kc2 79. Ka1 Ra3# 0-1

[Event "DEM U14 2015"]
[Site "Willingen GER"]
[Date "2015.05.28"]
[Round "7"]
[White "Toptschiev, David"]
[Black "Silber, Kevin"]
[Result "1/2-1/2"]
[Termination "normal"]
[Board "18"]
[WhiteElo "1873"]
[BlackElo "1841"]
[PlyCount "87"]
[WhiteFideId "12968005"]
[BlackFideId "12930440"]
[EventCountry "GER"]
[EventRounds "9"]
[EventType "swiss"]
[EventDate "2015.05.23"]

1. e4 e5 2. Nf3 Nc6 3. Nc3 Nf6 4. Bb5 d6 5. d4 exd4 6. Nxd4 Bd7 7. O-O Nxd4 8.
Bxd7+ Qxd7 9. Qxd4 h6 10. f4 Be7 11. f5 Qc6 12. Kh1 Qa6 13. Be3 O-O-O 14. a4 c5
15. Qd2 Ng4 16. Nd5 Bg5 17. Bxg5 hxg5 18. h3 f6 19. Kg1 Ne5 20. Qc3 Rh4 21. b4
Qc4 22. bxc5 Qxc5+ 23. Qxc5+ dxc5 24. Rfe1 Re8 25. Re2 Nc6 26. Nc3 Nd4 27. Rf2
g4 28. Rf4 Nxc2 29. Rc1 Nd4 30. Rxg4 Rxg4 31. hxg4 Kd7 32. Kf2 Kc6 33. Ke3 a6
34. Rh1 Re7 35. Rh8 Nc2+ 36. Kf4 Nb4 37. Rc8+ Kd7 38. Rb8 Kc7 39. Rg8 Rd7 40.
g5 Nd3+ 41. Kg4 Ne5+ 42. Kf4 Nd3+ 43. Ke3 Nb4 44. Kf4 1/2-1/2

[Event "DEM U14 2015"]
[Site "Willingen GER"]
[Date "2015.05.28"]
[Round "7"]
[White "Schumacher, Ole"]
[Black "Riedel, Erich"]
[Result "1/2-1/2"]
[Termination "normal"]
[Board "19"]
[WhiteElo "1414"]
[BlackElo "1783"]
[PlyCount "40"]
[WhiteFideId "12971898"]
[BlackFideId "12958646"]
[EventCountry "GER"]
[EventRounds "9"]
[EventType "swiss"]
[EventDate "2015.05.23"]

1. e4 e6 2. d4 d5 3. e5 c5 4. c3 Nc6 5. Nf3 Qb6 6. a3 Bd7 7. b4 cxd4 8. cxd4
Rc8 9. Bb2 Nge7 10. Bd3 Ng6 11. O-O Be7 12. Nbd2 Nf4 13. Nb3 Nxd3 14. Qxd3 O-O
15. Rac1 Nb8 16. Qe3 Rxc1 17. Rxc1 Rc8 18. Rxc8+ Bxc8 19. Qc3 Qc6 20. Qxc6 Nxc6
1/2-1/2